| LEADER | 00926nam a2200229 a 4500 | ||
|---|---|---|---|
| 001 | GR-MES12506 | ||
| 008 | 070618s gr b 001 0 gre d | ||
| 020 | |a 1412927226 | ||
| 040 | |a GrPaTEI |b gre |c GR-PaULI | ||
| 040 | |a GrPaTEI |b gre |c GR-PaULI | ||
| 082 | 0 | |a 363.32 |2 22 | |
| 100 | 0 | |a Martin Gus | |
| 245 | 1 | 0 | |a Understanding terrorism : |b challenges , perspectives , and issues / |c Gus Martin. |
| 250 | |a 2nd ed. | ||
| 260 | |a Thousand Oaks : |b Sage, |c 2006 | ||
| 300 | |a xxviii , 563, [102] σ. : |b εικ. , χάρτες ; |c 26εκ. | ||
| 504 | |a Περιλαμβάνει βιβλιογραφίες και ευρετήριο. | ||
| 650 | 0 | |a Terrorism | |
| 942 | |2 ddc | ||
| 952 | |0 0 |1 0 |2 ddc |4 0 |6 363_320000000000000_MAR |7 0 |9 271181 |a MSLG |b MSLG |c BSC |d 2021-01-17 |e 24 |f 0 |g 0.00 |l 0 |o 363.32 MAR |p 2420000021932 |r 2021-01-17 00:00:00 |t 1 |w 2021-01-17 |y BK15 |x 20070618 0 1 |x GrPaTEI | ||
| 971 | |a .b25785539 |b 15-04-20 |c 13-09-16 | ||
| 999 | |c 156602 |d 156602 | ||